Statistics for Lowest Things

Click here to take the quiz!

General Stats

  • This quiz has been taken 15 times
  • The average score is 4 of 14

Answer Stats

HintAnswer% Correct
Lowest combined NFL score0 points
79%
Lowest place on earth (from sea level; land)Dead Sea
79%
Lowest IQ (theoretical)1
79%
Lowest military rank (U.S.)Private
71%
Lowest temperature on record−89.2 °C (−128.6 °F)
36%
Lowest place on earth (from earth's centre)Mariana Trench
36%
Lowest-grossing movieZyzzyx Rd.
21%
Lowest possible credit score300
7%
Lowest-grossing animated movieDelgo
7%
Lowest settled cityJericho
7%
Lowest academic rankLecturer
7%
Lowest unclimbed mountainHiroyiyami
0%
Lowest salary for an NBA player possible$507,336
0%
Lowest buildingNewby-McMahon
0%

Score Distribution

Percentile by Number Answered

Percent of People with Each Score

Your Score History

You have not taken this quiz